| 000 | 00635nam a2200229Ia 4500 | ||
|---|---|---|---|
| 003 | OSt | ||
| 005 | 20220923214751.0 | ||
| 006 | a|||||r|||| 00| 0 | ||
| 007 | ta | ||
| 008 | 220922b |||||||| |||| 00| 0 hin d | ||
| 024 | _a172,540 | ||
| 037 | _cTextual | ||
| 040 |
_aARTS _cARTS _bhin |
||
| 041 |
_2hin _ahin |
||
| 082 | _aO152:3NGO:17, J8 | ||
| 100 |
_aगोविन्द सिंह _9156275 |
||
| 245 | 0 | _aमकड़ी का जाल | |
| 246 | _aMakaड़ī kā jāla | ||
| 260 | _c1958 | ||
| 942 |
_hO152:3NGO:17, J8 _cTEXL _2CC |
||
| 999 |
_c326548 _d326548 |
||